Birmingham City Council v Qasim and others (Record no. 82009)

MARC details
000 -LEADER
fixed length control field 01613cad a22002175a 4500
001 - CONTROL NUMBER
control field L148960
008 - FIXED-LENGTH DATA ELEMENTS--GENERAL INFORMATION
fixed length control field 091207e20091020xxk f v 000 0 eng d
035 ## - SYSTEM CONTROL NUMBER
System control number (Sirsi) u148960
041 0# - LANGUAGE CODE
Language code of text/sound track or separate title eng
245 00 - TITLE STATEMENT
Title Birmingham City Council v Qasim and others
Medium [electronic resource]
260 ## - PUBLICATION, DISTRIBUTION, ETC.
Date of publication, distribution, etc. 2009
520 ## - SUMMARY, ETC.
Summary, etc. [2009] EWCA Civ 1080, 20 October 2009. The case relates to the grant of accommodation to tenants by a local authority officer in without regard to the local authority's allocation scheme. A local officer granted tenancy of empty properties to several persons without respecting the local authority's application scheme procedure. This local authority, Birmingham City Council (B), claimed possession on ground of void tenancy. The possession claim was dismissed by the judge of the county court. B appealed the case. "Held": application dismissed. The allocation of an assured tenancy and the grant of such a tenancy are two different concepts. So if a local authority granted a tenancy to a tenant to whom accommodation had been allocated without respecting the local authority's allocation scheme, the tenancy is not thereby rendered void or ineffective.
590 ## - LOCAL NOTE (RLIN)
Local note KA
650 24 - SUBJECT ADDED ENTRY--TOPICAL TERM
Topical term or geographic name entry element BIRMINGHAM CITY COUNCIL V QASIM AND OTHERS
650 24 - SUBJECT ADDED ENTRY--TOPICAL TERM
Topical term or geographic name entry element HOUSING ACT 1996 PART VI
650 24 - SUBJECT ADDED ENTRY--TOPICAL TERM
Topical term or geographic name entry element ISLINGTON LBC V UCKAC
651 #4 - SUBJECT ADDED ENTRY--GEOGRAPHIC NAME
Geographic name England and Wales
Chronological subdivision 1543-
690 ## - LOCAL SUBJECT ADDED ENTRY--TOPICAL TERM (OCLC, RLIN)
Topical term or geographic name as entry element PROPERTY-RESIDENTIAL PROPERTY-RESIDENTIAL LANDLORD AND TENANT-RESIDENTIAL TENANCIES-ASSURED TENANCIES
856 40 - ELECTRONIC LOCATION AND ACCESS
Uniform Resource Identifier <a href="https://www.bailii.org/ew/cases/EWCA/Civ/2009/1080.html">https://www.bailii.org/ew/cases/EWCA/Civ/2009/1080.html</a>
Public note View the case free of charge at www.bailli.org...
942 ## - ADDED ENTRY ELEMENTS (KOHA)
Suppress in OPAC 0
Holdings
Withdrawn status Lost status Source of classification or shelving scheme Damaged status Not for loan Home library Current library Shelving location Date acquired Total Checkouts Full call number Barcode Date last seen Copy number Price effective from Koha item type
    Dewey Decimal Classification     Virtual Virtual Online 07/12/2009   ONLINE PUBLICATION 148960-2001 06/08/2019 1 06/08/2019 Law report